Normal view
MARC view
- Agriculture
Entry Topical Term
001 - CONTROL NUMBER
- control field: 40305
003 - CONTROL NUMBER IDENTIFIER
- control field: OSt
005 - DATE AND TIME OF LATEST TRANSACTION
- control field: 20260509125037.0
008 - FIXED-LENGTH DATA ELEMENTS
- fixed length control field: 260509|| aca||aabn | a|a d
040 ## - CATALOGING SOURCE
- Original cataloging agency: OSt
- Transcribing agency: OSt
150 ## - HEADING--TOPICAL TERM
- Topical term or geographic name entry element: Agriculture
- Chronological subdivision: G4762
670 ## - SOURCE DATA FOUND
- Source citation: Work cat.: (OSt)90279: Rout Rajendra Kumar 40304, A Textbook on Principal of Agricultural Economics And Farm Management , 2026




